| 000 | 01412nam a22002777a 4500 | ||
|---|---|---|---|
| 003 | OSt | ||
| 005 | 20200814102602.0 | ||
| 008 | 200814b2002 ck ac||gr|||| 001 0dspa d | ||
| 020 | _a958956822X | ||
| 040 |
_aCo-JMCR _cCo-JMCR |
||
| 041 | 0 | _aspa | |
| 082 | 0 | 4 |
_a320.51 / _bP944v _223 |
| 100 | 1 |
_aPérez Mendoza, Santiago, _eautor _98755 |
|
| 245 | 1 |
_aVigencia de las ideas del liberalismo radical / _cSantiago Pérez Mendoza |
|
| 250 | _aPrimera edición | ||
| 260 |
_aBogotá : _bEl duende editores, _c2002. |
||
| 300 |
_a278 páginas : _bIlustraciones, retratos a blanco y negro ; _c24 cm. |
||
| 500 | _aT.2, incluye notas a pie de páginas | ||
| 504 | _aBibliografia : páginas 275-278. | ||
| 505 | _aVigencia de las ideas del Liberalismo Radical -- Nace el siglo XX -- La unión republicana -- El gobierno de Marco Fidel Suárez bajo la éjida conservadora 1918-1921 -- El Liberalismo retorna al poder -- El Liberalismo pierde el poder -- Vigencias de las ideas del LIberalismo Radical en los gobiernos del Frente Nacional -- Las ideas del Liberalismo Radical en los gobiernos entre 1974 e inicios de 2000-2001 -- Otras tendencias políticas afines con el Liberalismo | ||
| 650 | 2 | 4 |
_2Liberalismo _zColombia _98756 |
| 650 | 2 | 4 |
_2Historia _zColombia _98756 |
| 650 | 2 | 4 |
_2Política y gobierno _y1886-1903 _zColombia _98757 |
| 650 | 2 | 4 |
_2Política y gobierno _ySiglo XX _zColombia _98758 |
| 942 |
_2ddc _cBK |
||
| 999 |
_c6796 _d6796 |
||